| 000 | 01352cam a2200337 a 4500 | ||
|---|---|---|---|
| 999 |
_c3375 _d3375 |
||
| 001 | 1046079 | ||
| 003 | OSt | ||
| 005 | 20231127113359.0 | ||
| 008 | 230201s2021 enkab c 000 1 eng d | ||
| 020 |
_a9781782263562 _q(paperback) : |
||
| 040 |
_aTWTCL _beng _cTWTCL _eaacr _dKH8 |
||
| 041 | 1 |
_aeng _hita |
|
| 042 | _anbic | ||
| 082 | 0 | _aFIC STI | |
| 100 | 1 |
_aStilton, Geronimo. _eAuthor |
|
| 240 | 1 | 0 |
_aIl mistero dell'occhio di smeraldo. _lEnglish. |
| 245 | 1 | 0 |
_aLost treasure of the Emerald Eye / _cby Geronimo Stilton. |
| 250 | _a2021 edition. | ||
| 264 | 1 |
_aLeicester, United Kingdom : _bSweet Cherry Publishing, _c2021. |
|
| 300 |
_a103, [8] pages : _billustrations, maps ; _c20 cm. |
||
| 336 |
_atext _btxt _2rdacontent. |
||
| 337 |
_aunmediated _bn _2rdamedia. |
||
| 338 |
_avolume _bnc _2rdacarrier. |
||
| 500 | _aTranslation of : Il mistero dell'occhio di smeraldo. | ||
| 520 | _aIt all started when my sister, Thea, discovered a mysterious map. It showed a secret treasure on a faraway island. And before I could let out a squeak of protest, Thea dragged me into her treasure hunt! In no time at all, we'd set sail for the island. It was an adventure I'd never forget. | ||
| 600 | 1 | 0 | _aStilton, Geronimo. |
| 650 | 0 |
_aMice _vJuvenile fiction. |
|
| 650 | 0 |
_aTreasure troves _vJuvenile fiction. |
|
| 653 | _aKF. | ||
| 942 |
_2ddc _cFIC |
||